00813nam a22002657a 45000010005000000030006000050050017000110080041000280200015000690400029000840500016001130820011001291000020001402450036001602500046001962600038002423000065002804900021003455050008003665200066003745210020004405210020004606500040004806500027005209087FISKH20251128090007.0251119b cb ||||| |||| 00| 0 eng d a0590444034 aFISKHbengcFISKHdFISKH aPZ7.M2427 E a813.54 aMcPhail, David  aEmma's pet / cby David McPhail aFirst Scholastic printing , December 1990 aNew York : bScholastic ,c1985.  a24 unnumbered pages : bcolor illustrations ;c16 X 16 cm .  aEmma the Bearv2 aH  aEmma's search for a soft, cuddly pet has a surprising ending.8 a430 bLexile 8 aH bRaz-Plus  aAnimal charactersvChildren's Books aPetsvChildren's Books